000 00300nam a2200133Ia 4500
005 20260328104333.0
008 260328s9999||||xx |||||||||||||| ||und||
100 _aAlemán, Laura
245 0 _aVitruvia /
_cLaura Alemán
260 _bFadu
300 _a169 p.
650 _aURBANISMO
942 _cBK
999 _c11802
_d11802